header

A Lot Of Hats (Record no. 262107)

MARC details
000 -LEADER
fixed length control field 00230nam a22001097a 4500
020 ## - INTERNATIONAL STANDARD BOOK NUMBER
ISBN 0590764543
100 ## - MAIN ENTRY--AUTHOR NAME
Personal name John Shefelbine
245 ## - TITLE STATEMENT
Title A Lot Of Hats
260 ## - PUBLICATION, DISTRIBUTION, ETC. (IMPRINT)
Place of publication New Year
Name of publisher Scholastic
Year of publication 1998
300 ## - PHYSICAL DESCRIPTION
Number of Pages 31pgs
942 ## - ADDED ENTRY ELEMENTS (KOHA)
Koha item type Long Loan Books
Holdings
Withdrawn status Lost status Collection code Home library Current library Shelving location Date acquired Accession Number Koha item type
    Fiction Rongo University Library Rongo University Library Children's Area 30/11/2023 CL2021542 Long Loan Books

© 2026 Rongo University
Contact us: librarian | system librarian | Rongo university